| 000 | 01009nam a22002651u 4500 | ||
|---|---|---|---|
| 001 | 12156 | ||
| 003 | HDC | ||
| 007 | cr bn --- | ||
| 008 | 210209p2006 my eng | ||
| 040 | _aHDC | ||
| 100 |
_aA. Rosniyana, _eauthor _912573 |
||
| 245 | 0 |
_aEffects of milling degree on the chemical composition, physicochemical properties and cooking characteristics of brown rice / _cby A. Rosniyana, I.H. Rukunudin and S.A. Shariffah Norin |
|
| 260 |
_aSerdang : _bMalaysian Agricultural Research and Development Institute (MARDI), _c2006 |
||
| 300 | _a1 page | ||
| 336 |
_atext _2rdacontent |
||
| 337 |
_acomputer _2rdamedia |
||
| 338 |
_aonline resource _2rdacarrier |
||
| 650 |
_aChemical _99053 |
||
| 650 |
_aCooking _96880 |
||
| 650 |
_aMilling degree _912577 |
||
| 856 | _zRequest full-text at [email protected] | ||
| 942 | _2lcc | ||
| 942 | _cAR | ||
| 942 | _kJART 003016 | ||
| 999 |
_c9479 _d9479 |
||